| 000 | 01005cam a2200217 4500 | ||
|---|---|---|---|
| 001 | J125530 | ||
| 008 | 040323n2003 000 0 eng u | ||
| 035 | _a(Sirsi) u125530 | ||
| 041 | _aeng | ||
| 050 |
_a333.0062 _c18 |
||
| 110 |
_aRoyal Institution of Chartered Surveyors _bGovernance and Corporate Management _94171 |
||
| 245 |
_aCouncil of RICS England and Wales _bresourcing regions for real results |
||
| 260 |
_a[S.l.] _bRICS _c2003 |
||
| 490 |
_aRICS Brooke Review _vEWC/P (03) 29 |
||
| 520 | _aThis paper informs the RICS England and Wales Council of the rationale behind the need for operational changes to support regional teams in delivering RICS member services, development and increased profile of the surveying profession. Forms part of the supporting documentation for Brooke Review Committee meeting 30 January 2004. | ||
| 650 | _aRICS MEMBERSHIP | ||
| 650 | _aRICS BROOKE REVIEW | ||
| 690 | _aRICS NEWS | ||
| 710 |
_aRoyal Institution of Chartered Surveyors _94900 |
||
| 942 | _n0 | ||
| 999 |
_c103430 _d103430 |
||